Culture Générale - Série 2704 - Statistiques

Statistiques générales
  • Ce quiz a été pris 51 fois
  • Le résultat moyen est 4 sur 10
Statistiques - réponses
Question Réponse % Correct
Quelle ville est renommée pour ses tripes ? Caen
78%
Quel mot peut être associé à "haut", "saint", "dit", "commun" ? lieu
71%
Celui qui écrivait les textes officiels, copiait les écrits (dans l'Antiquité) scribe
63%
(Mythologie) : Animal fabuleux, serpent ou dragon à plusieurs têtes tué par Hercule hydre
59%
Quel écrivain (1920-1959) a publié la chanson "le déserteur" en 1954 à la fin de la guerre d'Indochine (1946-1954) ? Boris Vian
51%
Dans quelle ville est né Henri de Toulouse-Lautrec en 1864 ? Albi
27%
Quel oiseau peut être appelé "lulu" ? alouette
12%
Quel mot de l'Ancien Régime est synonyme de douanier ? gabelou
7%
Long couteau espagnol à lame effilée, aiguë, légèrement recourbée. (6 lettres contenant 4 "a") navaja
0%
Petit esturgeon eurasien commun très recherché pour sa chair et ses œufs, dont on fait le caviar. sterlet
0%
Aucun quiz correspondant
Distribution des résultats
% des personnes avec chaque résultat
Percentile par nombre de réponses
Votre historique - résultats
Vous n’avez pas pris ce quiz